00322nam a2200121Ia 4500008004100000041000800041082001400049100001800063245004500081260003200126300003100158365001100189240624s9999 xx 000 0 und d aeng a158.7 CAR aCARTER PHILIP aTEST YOUR EQ ASSESS YOUR EMOTIONAL INTEL c2010aNew DelhibKogan Page avii, : 178 : p. : cm. ; 21 cRSb33